Statistiques concernant Saint seiya the lost canvas

Cliquez ici pour prendre le quiz!

Statistiques générales

  • Ce quiz a été pris 11 fois
  • Le résultat moyen est 24 sur 46

Statistiques - réponses

H Answer % Correct
41Albafica
89%
37Kardia
89%
6Hades
89%
33Manigoldo
89%
14Minos
78%
28Shion
78%
2Alone
78%
38Sisyphe
78%
39El Cid
78%
35Asmita
78%
3Sasha
78%
31Aspros
78%
7Hypnos
78%
34Régulus
78%
8Thanatos
78%
40Dégel
78%
1Tenma
78%
5Athena
78%
36Doko
67%
30Rasgado
67%
17Yato
67%
18Yuzuriha
67%
15Eaque
67%
10Icelos
56%
9Phantasos
56%
43Sage
56%
11Morphée
56%
13Pandore
56%
16Rhadamanthe
56%
42Hakurei
56%
29Aldébaran
44%
21Violate
33%
22Kagaho
33%
12Oneros
33%
23Fyodor
22%
26Valentine
22%
4Pegase
22%
32Déteuros
22%
19sheshire
11%
46Tokusa
11%
24Veronica
11%
27Kairos
11%
45Alta
0%
20Rhune
0%
25Stand
0%
44Fleche
0%

Distribution des résultats

Percentile by Number Answered

% des personnes avec chaque résultat

Votre développement - résultats

Vous n’avez pas pris ce quiz